000 00761cam a2200181 4500
001 X103585
008 000000n2000 000 0 eng u
035 _a(Sirsi) u103585
245 _aCrombie v Croydon (Unique) Ltd
260 _c2000
490 _aNew Property Cases
_v [1999] NPC 113
520 _aCA 29 July 1999. Relief from forfeiture. Rights conferred on equitable chargee under the County Courts Act 1984, s138 9C. Views of majority not apparently supported by Lord Chancellor's speech introducing amendment. TAKEN FROM JOURNAL HEADNOTE. NO PHOTOCOPYING ALLOWED.
650 _aCROMBIE V CROYDON (UNIQUE) LTD
650 _aCOUNTY COURTS ACT 1984
650 _aLAW OF PROPERTY ACT 1925 S146
690 _aLANDLORD AND TENANT-CASE LAW
942 _n0
999 _c62222
_d62222